000 00519nam a22001457a 4500
082 _a620.005
100 _aNaeem Ullah, Muhammad
245 _aDevelopment of and optimization model for energy systems in gas processing industry /
_cMuhammad Naeem Ullah.
260 _aIslamabad:
_bCEME - NUST,
_c2012.
300 _a83 p. : ill.;
_c30cm.
650 _aEngineering Management - MS Theses.
_934601
700 _aSup: Dr. Athar Masood.
_934896
942 _2ddc
_cTHE
999 _c540732
_d540732